000 00596nam a2200205Ia 4500
005 20250508150536.0
008 008 250505s9999 xx 000 0 eng d
037 _aTextual
040 _aFEDL
_beng
_cFEDL
041 _aeng
_2eng
084 _a150, BOR
_qFEDL
100 _aBoring Edwin Garrigues
245 0 _aPsychology: A factual textbook
260 _aNew York, USA
_bJohn Wiley and Sons
_c1935
300 _axviii,555p.
650 _aPsychology
700 _a Langfeld Herbert Sidney Weld Harry Porter
_9756967
942 _cTEXL
_h150, BOR
999 _c1324163
_d1324163